Στρατηγικός επενδυτής

Saved in:
Bibliographic Details
Main Author: Soloup
Format: Book
Language:Greek
Published: [Αθήνα] : Μεταίχμιο, [2004]
Subjects:
Tags: Add Tag
No Tags, Be the first to tag this record!

MARC

LEADER 00000cam a2200000 i 4500
001 1/26270
008 060316s2004 gre d
020 |a 960-375-751-9 
035 |l 10083118 
040 |a GR-MY-UA  |b gre  |e aacr 
041 0 |a gre 
082 0 |a 070.449332  |2 (22) 
100 1 |a Soloup. 
245 1 0 |a Στρατηγικός επενδυτής /  |c Soloup ; Βήμα της Κυριακής 
260 |a [Αθήνα] :   |b Μεταίχμιο,   |c [2004] 
300 |a 63 σ.;  |b σκίτσα;  |c 16x23 εκ. 
500 |a Ο "Στρατηγικός Επενδυτής" δημοσιεύται από το 1999 στο ΒΗΜΑ της Κυριακής, στο οικονομικό ένθετο "Ανάπτυξη". 
650 0 0 |a Comic books, strips, etc.  |z Greece. 
650 0 0 |a Finance  |x Handbooks, manuals, etc. 
852 |a INST  |b RHODES  |e 20060316  |h 070.449332 SOL  |p 005400021260  |q 005400021260  |t BK  |y 0 
901 |a BIBL4-2006-1 
909 |a Ρ  |b 123319 
970 |a ΚΟΖΑ  |b ΜΑΡΙΑ  |z 2006/03/15